Electromagnetismo: problemas analizados y resueltos
Guardat en:
| Autor principal: | |
|---|---|
| Format: | Llibre |
| Idioma: | espanyol |
| Publicat: |
Santiago
Andrés Bello
1972
|
| Matèries: | |
| Etiquetes: |
Afegir etiqueta
Sense etiquetes, Sigues el primer a etiquetar aquest registre!
|
MARC
| LEADER | 00000nam a2200000 a 4500 | ||
|---|---|---|---|
| 001 | UCV4339 | ||
| 003 | CL-VaPUC | ||
| 008 | 910910e19720000CL |||||||||||||||||spa|d | ||
| 082 | 0 | 4 | |a 538 |b FUR |2 21 |
| 100 | 0 | |a Furman, Miguel |e author |9 298635 | |
| 245 | 1 | 0 | |a Electromagnetismo: problemas analizados y resueltos |
| 300 | |a 226 p | ||
| 942 | |c BK | ||
| 945 | |d 19910910 00:00:00 | ||
| 260 | |a Santiago |b Andrés Bello |c 1972 | ||
| 650 | 7 | |a ELECTROMAGNETISMO PROBLEMAS, EJERCICIOS, ETC |2 CL-VaPUC |9 260575 | |
| 583 | |a last modification |c 19910910 00:00:00 |k Rodrigo Vera | ||
| 999 | |c 211219 |d 211217 | ||
| 952 | |0 0 |1 0 |4 0 |6 538_000000000000000_FUR_1972 |7 0 |8 A |9 189712 |a BIBCUR |b BIBCUR |d 2019-11-14 |i 4648439 |l 1 |o 538 FUR 1972 |p 4648439 |r 2025-04-22 |s 2023-10-16 |w 2019-11-14 |y BK |k FIS | ||